| 000 | 00474nam a22001817a 4500 | ||
|---|---|---|---|
| 005 | 20260211165408.0 | ||
| 008 | 260211b |||||||| |||| 00| 0 eng d | ||
| 020 |
_a9788199195929 _c1695.00 |
||
| 040 | _aMAIN | ||
| 041 | _aEnglish | ||
| 082 |
_a660.6 _bCAM |
||
| 100 |
_aCamarillo, David B. _926289 |
||
| 245 | _aBiotechnology Innovative Technology | ||
| 260 |
_aNew Delhi _bBlackwell Press _c2026 |
||
| 300 | _a292 | ||
| 650 |
_aBiological Science _914046 |
||
| 942 | _cBK | ||
| 999 |
_c60335 _d60335 |
||